Biofertilizer Technology (Record no. 17292)
[ view plain ]
| 000 -LEADER | |
|---|---|
| fixed length control field | 00274nam a22001217a 4500 |
| 008 - FIXED-LENGTH DATA ELEMENTS--GENERAL INFORMATION | |
| fixed length control field | 150813t xxu||||| |||| 00| 0 eng d |
| 020 ## - INTERNATIONAL STANDARD BOOK NUMBER | |
| International Standard Book Number | 81-7754-382-2 |
| 082 ## - DEWEY DECIMAL CLASSIFICATION NUMBER | |
| Classification number | 631 |
| 100 ## - MAIN ENTRY--PERSONAL NAME | |
| Personal name | Tanuja Singh |
| 9 (RLIN) | 1022 |
| 245 ## - TITLE STATEMENT | |
| Title | Biofertilizer Technology |
| 300 ## - PHYSICAL DESCRIPTION | |
| Extent | 389 |
| 942 ## - ADDED ENTRY ELEMENTS (KOHA) | |
| Source of classification or shelving scheme | |
| Koha item type | Book |
| Withdrawn status | Lost status | Source of classification or shelving scheme | Damaged status | Not for loan | Collection code | Permanent Location | Current Location | Date acquired | Total Checkouts | Full call number | Barcode | Date last seen | Date last checked out | Price effective from | Koha item type |
|---|---|---|---|---|---|---|---|---|---|---|---|---|---|---|---|
| Central Library (CL) | Central Library (CL) | 08/13/2015 | 1 | 631 SIN | ASAB1741 | 05/22/2023 | 05/13/2023 | 08/13/2015 | Book |
